Léxico técnico de las artes plásticas /

Guardado en:
Autor Principal: Crespi, Irene
Otros Autores: Ferrario, Jorge
Formato: Libro
Publicado: Buenos Aires : Eudeba, 1971
Series:Manuales de Eudeba
Materias:
Etiquetas: Agregar Etiqueta
Sin Etiquetas, Sea el primero en etiquetar este registro!
LEADER 00546nam a22001815a 4500
001 CEM.cems013635
005 20120229102212.0
008 130507s1971##################000#0#####d
003 CEMS
082 0 4 |a 700.3 
100 1 |a Crespi, Irene 
245 1 0 |a Léxico técnico de las artes plásticas /  |c Irene Crespi y Jorge Ferrario 
260 |a Buenos Aires :  |b Eudeba,  |c 1971 
300 |a 109 p. 
490 0 |a Manuales de Eudeba 
653 |a Artes plásticas-léxico 
700 1 |a Ferrario, Jorge 
859 |a CEMS  |b BIB. CEMS - 11 de abril  |h 700.3  |i C864  |p 26270.12  |t Ej.1